000 02146nam a2200529 i 4500
001 54692
003 KOSZ 005
005 20230110140417.0
008 210406s2006 pl a f 000 0 pol
015 _aUWD 2007/659
020 _a8392413806
035 _a991032711889705066
035 _a(PL-WaBN)b1877331x-48omnis_nlop
035 _ab1877331x
035 _a(OCoLC)749371520
035 _azz2007880806
035 _a(PL)b0000001877331
035 _a(EXLNZ-48OMNIS_NETWORK)9910025673005606
040 _aWA N
_cWA N
_dKOSZ 005/RW
046 _k2006
080 _a657.3
080 _a658.14/.17
100 1 _aKotapski, Roman
_d(1971- )
_eAutor
245 1 0 _aBudżetowanie w przedsiębiorstwie :
_bkompendium wiedzy /
_cRoman Kotapski ; [recenzent: Andrzej Piosik].
260 _aWrocław :
_bWydawnictwo Marina,
_c2006.
300 _a167 stron :
_bilustracje ;
_c24 cm.
336 _aTekst
_btxt
_2rdacontent
337 _aBez urządzenia pośredniczącego
_bn
_2rdamedia
338 _aWolumin
_bnc
_2rdacarrier
380 _aKsiążki
380 _aPublikacje fachowe
380 _aPublikacje dydaktyczne
385 _mPoziom nauczania
_aSzkoły wyższe
388 1 _a2001-
504 _aBibliografia na stronach [161]-163.
521 8 _aPraca przeznaczona jest dla studentów studiów licencjackich i magisterskich oraz słuchaczy kursów i studiów podyplomowych w zakresie budżetowania, controllingu oraz rachunkowości zarządczej na kierunkach ekonomicznych i technicznych. Może również stanowić inspirację dla menadżerów podczas projektowania systemów budżetowania i controllingu w przedsiębiorstwach, którymi zarządzają.
650 7 _aBudżet
_2DBN
650 7 _aFinanse przedsiębiorstwa
650 7 _aPlanowanie
655 7 _aKompendia i repetytoria
658 _aGospodarka, ekonomia, finanse
700 1 _aPiosik, Andrzej
_eRecenzja
710 2 _aWydawnictwo Marina
_4pbl
856 _uhttp://koha.tu.koszalin.pl/cgi-bin/koha/opac-detail.pl?biblionumber=54692
_yKatalog online BPK
942 _2UKD
_cKS
999 _c54692
_d54692